[Event "Swiss Queens Wed #15"]
[Site "FIDE Online Arena INT"]
[Date "2024.05.08"]
[Round "1"]
[White "Petrova, Irina"]
[Black "Vifleemskaia, Svetlana"]
[Result "1-0"]
[WhiteElo "2109"]
[BlackElo "1942"]
[PlyCount "135"]
[EventDate "2024.05.08"]
[EventType "swiss (blitz)"]
[EventRounds "11"]
[EventCountry "NET"]
[SourceTitle "CB20_2024"]
[SourceDate "2024.05.16"]
[SourceVersion "1"]
[SourceVersionDate "2024.05.16"]
[SourceQuality "1"]

1. d4 Nf6 2. c4 e6 3. Nc3 Bb4 4. Nf3 Bxc3+ 5. bxc3 d6 6. Bg5 h6 7. Bxf6 Qxf6 8. e3 e5 9. Bd3 0-0 10. 0-0 Bg4 11. h3 Bxf3 12. Qxf3 Qxf3 13. gxf3 b6 14. Be4 c6 15. Kh2 f5 16. Bd3 g6 17. Rg1 Kf7 18. a4 a5 19. Rab1 Nd7 20. f4 e4 21. Be2 Rab8 22. f3 c5 23. Rb2 Rb7 24. Bd1 Nf6 25. Rbg2 Rg8 26. Bc2 Rc7 27. fxe4 fxe4 28. d5 Re7 29. Rb1 Nd7 30. Bd1 Rb8 31. Bg4 Nf6 32. Be6+ Rxe6 33. dxe6+ Kxe6 34. Rxg6 Kf5 35. Rxh6 d5 36. cxd5 Nxd5 37. Rh5+ Ke6 38. f5+ Kf6 39. Rg1 Nxe3 40. Rg6+ Ke5 41. f6+ Kf4 42. f7 Rf8 43. Rf6+ Nf5 44. Rhxf5+ Ke3 45. Rxb6 Kd3 46. Rb5 e3 47. Rbxc5 e2 48. Rcd5+ Kc2 49. Rde5 Kxc3 50. Rxe2 Kb4 51. Ree5 Kxa4 52. Rxa5+ Kb4 53. Rfb5+ Kc4 54. Rb7 Kd4 55. Raa7 Ke4 56. Re7+ Kf5 57. Re8 Rxf7 58. Rxf7+ Kg6 59. Ra7 Kg5 60. Rb8 Kf4 61. Rb4+ Ke5 62. Ra3 Kd6 63. Ra5 Kc6 64. Rh4 Kb6 65. Rg5 Kc7 66. Rh6 Kd8 67. Rg7 Ke8 68. Rh8# 1-0

[Event "Swiss Queens Wed #14"]
[Site "FIDE Online Arena INT"]
[Date "2024.05.01"]
[Round "10"]
[White "Jakubowska, Anna"]
[Black "Petrova, Irina"]
[Result "1/2-1/2"]
[WhiteElo "2139"]
[BlackElo "2108"]
[PlyCount "98"]
[EventDate "2024.05.01"]
[EventType "swiss (blitz)"]
[EventRounds "11"]
[EventCountry "NET"]
[SourceTitle "CB19_2024"]
[SourceDate "2024.05.08"]
[SourceVersion "1"]
[SourceVersionDate "2024.05.08"]
[SourceQuality "1"]

1. e4 d6 2. d4 Nf6 3. Nc3 e5 4. Nge2 Nc6 5. h3 Be7 6. g4 d5 7. exd5 Nxd5 8. Bg2 Nxc3 9. bxc3 0-0 10. 0-0 h5 11. d5 Nb8 12. Ng3 hxg4 13. hxg4 c6 14. c4 Na6 15. Bb2 f6 16. dxc6 Qb6 17. Rb1 bxc6 18. Ba3 Qc7 19. Bxe7 Qxe7 20. Bxc6 Be6 21. Bxa8 Rxa8 22. Nf5 Qc5 23. Rb7 Nc7 24. Qf3 Rd8 25. Rd1 Rxd1+ 26. Qxd1 Qxc4 27. Qd8+ Kh7 28. Qxc7 Qxg4+ 29. Ng3 Bd5 30. Rxa7 f5 31. Qxg7+ Qxg7 32. Rxg7+ Kxg7 33. Nxf5+ Kf6 34. Ne3 Bxa2 35. Kf1 e4 36. Ke2 Ke5 37. Kd2 Kd4 38. c3+ Ke5 39. Nc2 Kf4 40. Nd4 Bc4 41. Nc2 Kf3 42. Ke1 Bd3 43. Ne3 Ba6 44. c4 Bb7 45. c5 Bc6 46. Nd1 Ba8 47. Ne3 Bc6 48. Nd1 Ba8 49. Ne3 Bc6 1/2-1/2

[Event "Titled Tuesday intern op 19th Dec Early"]
[Site "Chess.com INT"]
[Date "2023.12.19"]
[Round "3"]
[White "Petrova, Irina"]
[Black "Kim, Sergey2"]
[Result "1/2-1/2"]
[WhiteElo "2108"]
[BlackElo "2295"]
[PlyCount "95"]
[EventDate "2023.12.19"]
[EventType "swiss (blitz)"]
[EventRounds "11"]
[EventCountry "USA"]
[SourceTitle "CB52_2023"]
[SourceDate "2023.12.27"]
[SourceVersion "1"]
[SourceVersionDate "2023.12.27"]
[SourceQuality "1"]

1. e4 e5 2. Nf3 Nc6 3. Bb5 a6 4. Ba4 Nf6 5. d3 b5 6. Bb3 Bc5 7. 0-0 d6 8. a3 h6 9. Nc3 0-0 10. h3 Be6 11. Nd5 Bxd5 12. Bxd5 Nxd5 13. exd5 Ne7 14. c4 Ng6 15. Be3 Bxe3 16. fxe3 f5 17. Qe1 Rb8 18. b3 bxc4 19. bxc4 Rb3 20. Qg3 Kh7 21. h4 f4 22. exf4 Nxf4 23. Qg4 h5 24. Ng5+ Kg8 25. Qf3 Qf6 26. Qe4 Qf5 27. Rab1 Qxe4 28. dxe4 Rxa3 29. Kh2 Ra2 30. Rg1 Rc2 31. Rb7 Rxc4 32. g3 Rc2+ 33. Kh1 Ne2 34. Rg2 Rc1+ 35. Kh2 Nd4 36. Ra7 Rff1 37. Ra8+ Rf8 38. Rxa6 Rcf1 39. Ra7 Rc1 40. Rb2 g6 41. Rba2 Kg7 42. Ra8 Rxa8 43. Rxa8 Rc2+ 44. Kh3 Rc3 45. Kg2 Rc2+ 46. Kh3 Rc3 47. Kg2 Rc2+ 48. Kh3 1/2-1/2

[Event "Titled Tuesday intern op 12th Dec Early"]
[Site "Chess.com INT"]
[Date "2023.12.12"]
[Round "6"]
[White "Smirnov, Mark1"]
[Black "Petrova, Irina"]
[Result "1/2-1/2"]
[WhiteElo "2147"]
[BlackElo "2108"]
[PlyCount "367"]
[EventDate "2023.12.12"]
[EventType "swiss (blitz)"]
[EventRounds "11"]
[EventCountry "USA"]
[SourceTitle "CB51_2023"]
[SourceDate "2023.12.20"]
[SourceVersion "1"]
[SourceVersionDate "2023.12.20"]
[SourceQuality "1"]

1. e4 d6 2. d4 Nf6 3. Nc3 e5 4. Nf3 Nbd7 5. Bc4 Be7 6. 0-0 0-0 7. h3 c6 8. a4 h6 9. Re1 Re8 10. b3 Bf8 11. Bb2 Qc7 12. Qd2 exd4 13. Nxd4 Ne5 14. Bf1 a6 15. Re3 c5 16. Nf3 Rb8 17. Nxe5 dxe5 18. Bc4 Be6 19. Nd5 Bxd5 20. Bxd5 Nxd5 21. Qxd5 Rbd8 22. Qc4 Qc6 23. a5 Qe6 24. Qc3 Rd7 25. Rg3 f6 26. Re1 Red8 27. Ree3 Rd1+ 28. Kh2 Kh7 29. Rd3 R1xd3 30. Rxd3 Rxd3 31. Qxd3 Qd6 32. Qxd6 Bxd6 33. h4 Bc7 34. h5 Bxa5 35. Ba3 Bb4 36. Bb2 b5 37. Kg3 Kg8 38. Kg4 Kf7 39. Kf5 Be1 40. f3 a5 41. Ba3 Bb4 42. Bb2 a4 43. bxa4 bxa4 44. c3 a3 45. Bc1 Ba5 46. Bxa3 Bxc3 47. Bxc5 Ba5 48. Kg4 Bd2 49. Kg3 Be1+ 50. Kh2 Bd2 51. Kg1 Ba5 52. Kf2 Bd8 53. Ke3 Ba5 54. Kd3 Be1 55. Kc4 g6 56. hxg6+ Kxg6 57. Kd5 h5 58. Ke6 Bd2 59. Be7 Bg5 60. Bd8 h4 61. Be7 Kg7 62. Kf5 Kf7 63. Bd8 Kg7 64. Ba5 Kf7 65. Be1 Kg7 66. Kg4 Kg6 67. Bxh4 Be3 68. Bg3 Bc5 69. Bh4 Be7 70. Kg3 Bf8 71. Kf2 Bc5+ 72. Ke2 Bd4 73. Kd3 Bb6 74. Kc4 Kf7 75. Kd5 Ba5 76. Bg3 Bd2 77. Bf2 Bc1 78. Bb6 Bd2 79. Bd8 Bc1 80. Kc4 Bf4 81. Kd3 Ke6 82. Ba5 Bh6 83. Bd2 Bf8 84. Ke2 Bc5 85. Be3 Bb4 86. Kf2 Ba5 87. Kg3 Kf7 88. Kg4 Kg6 89. Bc5 Bd2 90. Be7 Bc1 91. g3 Bd2 92. Kh3 Bc1 93. Kg2 Bd2 94. Kf2 Bc1 95. Bd8 Ba3 96. Ke2 Bc5 97. Kf1 Be3 98. Kg2 Bd4 99. Kh3 Bc5 100. Kg4 Ba3 101. Bb6 Bc1 102. Bf2 Bb2 103. Kh3 Bc1 104. Kg2 Bb2 105. Kf1 Bc1 106. Ke2 Bb2 107. Be3 Ba3 108. Kd3 Kf7 109. Kc4 Ke6 110. Kb5 Bb2 111. Kc6 Ba3 112. Kc7 Bb2 113. Kd8 Kf7 114. Kd7 Ba3 115. Bb6 Bb2 116. Bc7 Bc3 117. Kd6 Be1 118. g4 Bh4 119. Kd5 Bg5 120. Bd6 Bc1 121. Bc7 Bb2 122. Bd8 Bc1 123. g5 Bxg5 124. Bc7 Bc1 125. Kd6 Ba3+ 126. Kd5 Bb2 127. Bd6 Bc1 128. Bc7 Bf4 129. Bd8 Be3 130. Kc4 Bf4 131. Kd3 Ke6 132. Ke2 f5 133. Kf2 fxe4 134. fxe4 Bc1 135. Kf3 Bb2 136. Kg4 Bd4 137. Kg5 Bc3 138. Kg6 Bd2 139. Bf6 Bf4 140. Bg5 Bg3 141. Bh6 Be1 142. Bg7 Ba5 143. Kg5 Bd2+ 144. Kg4 Ba5 145. Bh6 Bc7 146. Bg5 Bd6 147. Kf3 Bc5 148. Ke2 Bd6 149. Kd3 Bc5 150. Kc4 Bd6 151. Kb5 Bf8 152. Kc6 Bb4 153. Bd8 Bc3 154. Bb6 Bb2 155. Bc5 Bc1 156. Bd6 Be3 157. Bc7 Bd4 158. Bb6 Bb2 159. Bc5 Bc3 160. Bf8 Bb2 161. Bg7 Bc3 162. Bh8 Bd4 163. Kc7 Bc3 164. Kc6 Bd4 165. Bg7 Bc3 166. Bh6 Bd4 167. Bd2 Bb2 168. Kc5 Bd4+ 169. Kc4 Bb6 170. Bb4 Bd8 171. Bc5 Bg5 172. Kd3 Bf6 173. Kc4 Bg5 174. Kd3 Bf6 175. Be3 Be7 176. Kc4 Bd6 177. Bc5 Bc7 178. Kb5 Bd8 179. Kc6 Bh4 180. Bd6 Bf6 181. Bf8 Bg5 182. Bc5 Bf6 183. Bg1 Bg5 184. Bh2 1/2-1/2

[Event "Titled Tuesday intern op 19th Sep Late"]
[Site "Chess.com INT"]
[Date "2023.09.19"]
[Round "10"]
[White "Santos Flores, Alberto Javier"]
[Black "Petrova, Irina"]
[Result "1-0"]
[WhiteElo "2198"]
[BlackElo "2108"]
[PlyCount "61"]
[EventDate "2023.09.19"]
[EventType "swiss (blitz)"]
[EventRounds "11"]
[EventCountry "USA"]
[SourceTitle "EXT 2024"]
[Source "ChessBase"]
[SourceDate "2023.10.10"]
[SourceVersion "1"]
[SourceVersionDate "2023.10.10"]
[SourceQuality "1"]

1. e4 d6 2. d4 g6 3. Nc3 Bg7 4. Be3 Nf6 5. Qd2 a6 6. Nf3 b5 7. Bh6 Bxh6 8. Qxh6 Bb7 9. e5 Nd5 10. Qg7 Rf8 11. Ng5 Nxc3 12. bxc3 Nd7 13. Nxh7 Bd5 14. a4 c6 15. f3 Qc7 16. Bd3 dxe5 17. Nxf8 Nxf8 18. Qxe5 Qa5 19. 0-0 Qxc3 20. axb5 Ne6 21. Rxa6 Rxa6 22. bxa6 Nxd4 23. Qb8+ Kd7 24. a7 Nxf3+ 25. gxf3 Qd4+ 26. Kh1 Qg4 27. Qg3 Qa4 28. Qb8 Qg4 29. Be2 Qh3 30. a8Q Bxf3+ 31. Rxf3 1-0

[Event "Titled Tuesday intern op 12th Sep Late"]
[Site "Chess.com INT"]
[Date "2023.09.12"]
[Round "2"]
[White "Gavrilov, Maxim"]
[Black "Petrova, Irina"]
[Result "1-0"]
[WhiteElo "2186"]
[BlackElo "2108"]
[PlyCount "95"]
[EventDate "2023.09.12"]
[EventType "swiss (blitz)"]
[EventRounds "11"]
[EventCountry "USA"]
[SourceTitle "EXT 2024"]
[Source "ChessBase"]
[SourceDate "2023.10.10"]
[SourceVersion "1"]
[SourceVersionDate "2023.10.10"]
[SourceQuality "1"]

1. d4 d6 2. c4 e5 3. Nc3 exd4 4. Qxd4 Nc6 5. Qd1 Nf6 6. Nf3 g6 7. g3 Bg7 8. Bg2 0-0 9. 0-0 Be6 10. Nd5 Re8 11. Bg5 Bxd5 12. cxd5 Ne5 13. Nxe5 Rxe5 14. f4 Re7 15. f5 Re5 16. e4 h6 17. Bf4 Re8 18. fxg6 fxg6 19. Be3 Nxe4 20. Qg4 Nf6 21. Qf3 Rf8 22. Bd4 Nd7 23. Qg4 Bxd4+ 24. Qxd4 Ne5 25. Rxf8+ Qxf8 26. Rf1 Qg7 27. Qb4 b6 28. Bh3 Rf8 29. Be6+ Kh7 30. Qc3 Rxf1+ 31. Kxf1 Qf6+ 32. Kg2 Qe7 33. h4 h5 34. b4 c5 35. bxc5 bxc5 36. Qa5 Qf8 37. Qxa7+ Kh6 38. Qa3 c4 39. Qe3+ Kh7 40. a4 Qb8 41. Qg5 Qb7 42. a5 c3 43. a6 Qa7 44. Qd8 Nf7 45. Qf8 c2 46. Bxf7 c1Q 47. Qg8+ Kh6 48. Qxg6# 1-0

[Event "Titled Tuesday intern op 05th Sep Late"]
[Site "Chess.com INT"]
[Date "2023.09.05"]
[Round "7"]
[White "Quirke, Jeffrey"]
[Black "Petrova, Irina"]
[Result "0-1"]
[WhiteElo "2015"]
[BlackElo "2108"]
[PlyCount "92"]
[EventDate "2023.09.05"]
[EventType "swiss (blitz)"]
[EventRounds "11"]
[EventCountry "USA"]
[SourceTitle "EXT 2024"]
[Source "ChessBase"]
[SourceDate "2023.10.10"]
[SourceVersion "1"]
[SourceVersionDate "2023.10.10"]
[SourceQuality "1"]

1. e4 d6 2. d4 Nf6 3. Bd3 e5 4. c3 d5 5. dxe5 Nxe4 6. Nf3 Nc6 7. Bf4 Nc5 8. Bc2 Bg4 9. 0-0 Be7 10. h3 Bh5 11. Re1 Ne6 12. Bh2 Bg6 13. Nbd2 Qd7 14. Ba4 Nc5 15. Nd4 Nxa4 16. Qxa4 Nxd4 17. Qxd7+ Kxd7 18. cxd4 Rac8 19. f4 c5 20. dxc5 Bxc5+ 21. Kh1 Bb4 22. Re2 Rc2 23. Rd1 Rxb2 24. g4 Bxd2 25. Rexd2 Rxd2 26. Rxd2 Be4+ 27. Kg1 Rc8 28. Kf2 b5 29. f5 a5 30. h4 b4 31. Bf4 a4 32. Be3 b3 33. axb3 axb3 34. Bd4 Rc4 35. Ke3 Kc6 36. Rb2 Bc2 37. g5 Kb5 38. e6 fxe6 39. fxe6 Rc6 40. Bxg7 Rxe6+ 41. Kd2 Kc4 42. h5 d4 43. g6 hxg6 44. h6 d3 45. h7 Re2+ 46. Kc1 d2# 0-1

[Event "Titled Tuesday intern op 29th Aug Early"]
[Site "Chess.com INT"]
[Date "2023.08.29"]
[Round "1"]
[White "Pham, Le Thao Nguyen"]
[Black "Petrova, Irina"]
[Result "1-0"]
[WhiteElo "2370"]
[BlackElo "2108"]
[PlyCount "137"]
[EventDate "2023.08.29"]
[EventType "swiss (blitz)"]
[EventRounds "11"]
[EventCountry "USA"]
[SourceTitle "EXT 2024"]
[Source "ChessBase"]
[SourceDate "2023.10.10"]
[SourceVersion "1"]
[SourceVersionDate "2023.10.10"]
[SourceQuality "1"]

1. d4 d6 2. Nf3 g6 3. Bf4 Bg7 4. e3 Nd7 5. h3 e5 6. Bh2 Ne7 7. c4 0-0 8. Nc3 exd4 9. Nxd4 Nc6 10. Nf3 Nde5 11. Be2 Bd7 12. 0-0 Nxf3+ 13. Bxf3 Ne5 14. Be2 Bc6 15. Nd5 Re8 16. Rc1 a5 17. b3 b6 18. Qd2 Nd7 19. Rfd1 Nc5 20. Bf3 Ne4 21. Qd3 Nc5 22. Qc2 Qd7 23. a3 Bb7 24. b4 axb4 25. axb4 Ne6 26. c5 bxc5 27. bxc5 Nxc5 28. Nxc7 Bxf3 29. gxf3 Qxc7 30. Bxd6 Qc8 31. Qxc5 Qxh3 32. Bg3 Rad8 33. Rxd8 Rxd8 34. Qe7 Rc8 35. Rd1 Qe6 36. Qxe6 fxe6 37. Rd7 Rf8 38. Kg2 Rf7 39. Rd8+ Rf8 40. Rd6 e5 41. e4 Re8 42. Rd7 Bh6 43. Bh4 Bg7 44. Bg5 h6 45. Be3 h5 46. Kg3 Bf6 47. Bc5 g5 48. Bd6 Rc8 49. Bc7 Re8 50. Bd6 Rc8 51. Kh3 Rc3 52. Kg2 h4 53. Be7 Bxe7 54. Rxe7 h3+ 55. Kxh3 Rxf3+ 56. Kg2 Rf7 57. Rxe5 Rg7 58. Kg3 Kf7 59. Kg4 Kf6 60. Rf5+ Ke6 61. Rxg5 Rf7 62. f4 Ra7 63. Rg6+ Kf7 64. f5 Ra1 65. Kf4 Ke7 66. Rh6 Kf7 67. Rh7+ Kg8 68. Rb7 Rf1+ 69. Ke5 1-0